000 00946nam0a22002411 4500
001 rc\842387
005 20250622013248.0
035 _a(NLR Aleph) 006023657
090 _a7454424
_c7454424
100 _a20041129d1984 |||y0rusy50 ca
101 0 _arus
102 _aRU
105 _aa |||||||||
200 1 _aМетодические рекомендации по промышленному культивированию съедобных грибов
_fАН УССР, Ин-т ботаники им. Н.Г. Холодного
_g[Сост. И.И. Дудка и др.]
210 _aКиев
_cНаукова думка
_d1984
215 _a58 с.
_cил.
_d20
702 1 _aДудка
_bИ.А.
_gИрина Александровна
_4220
712 0 2 _aИнститут ботаники им. Н.Г. Холодного
_cКиев
801 0 _aRU
_bNLR
_gpsbo
801 1 _aRU
_bELAR
_2rusmarc
852 _aNLR
_j84-4/14807
942 _cBOOK
980 _aNB